ENGINEERING ELECTROMAGNETICS (Record no. 10892)

MARC details
000 -LEADER
fixed length control field 00247nam a22001217a 4500
003 - CONTROL NUMBER IDENTIFIER
control field SGT
082 ## - DEWEY DECIMAL CLASSIFICATION NUMBER
Classification number 537, HAY
100 ## - MAIN ENTRY--PERSONAL NAME
Personal name W H HAYT
245 ## - TITLE STATEMENT
Title ENGINEERING ELECTROMAGNETICS
250 ## - EDITION STATEMENT
Edition statement 8th
260 ## - PUBLICATION, DISTRIBUTION, ETC. (IMPRINT)
Place of publication, distribution, etc NEW DELHI
Name of publisher, distributor, etc TMH
Year of Publication 2014
942 ## - ADDED ENTRY ELEMENTS (KOHA)
Source of classification or shelving scheme Dewey Decimal Classification
Koha item type CDs & DVDs
Holdings
Withdrawn status Lost status Source of classification or shelving scheme Damaged status Not for loan Collection code Home library Current library Shelving location Date acquired Vendor Name Cost, normal purchase price SGTU Bill Number Total Checkouts Full call number Accession No. (Barcode) Date last seen Bill Date Koha item type
    Dewey Decimal Classification     SCIENCE SGT Science & Social Sciences Library SGT Science & Social Sciences Library On Display 10/02/2017 SPARSH BOOK GALLERY 550.00 SGTU 1285   537, HAY PSCD45 10/02/2017 21/11/2014 CDs & DVDs
    Dewey Decimal Classification     SCIENCE SGT Science & Social Sciences Library SGT Science & Social Sciences Library On Display 10/02/2017 SPARSH BOOK GALLERY 550.00 SGTU 1285   537, HAY PSCD46 10/02/2017 21/11/2014 CDs & DVDs